00625nam a2200193Ia 4500008004100000020001300041082001600054100001700070245005200087250000700139260003600146300003000182500000700212600002100219650005000240942000700290952011900297999001500416240925s9999 xx 000 0 und d a72120053 a004.603 TOM aSheldon, Tom 0aEncyclopedia of Networking & Telecommunications aNA aNew York:bMc Graw HIllc,2001. axxi,1180p.bNAfPhotocopy aNA aComputer Science aComputer science, information & general works cBK 001040708CSaUITUbUITUd2002-08-19eF.B.Cg3000.00l0o004.603 TOMpQ4519r2024-09-25 07:13:32w2024-09-25yBK c7018d7018